000 00843nac a22002417a 4500
001 BR7900962
003 BR-BrBNA
005 20240105114401.0
008 230509b bl.|||m| |||| 00| 0 por d
040 _aBR-BrBNA
_bpor
_cBiblioteca Nacional de Agricultura
072 _aE70
090 _a8100 BR7900962
110 1 _aPrograma de Pesquisa e Desenvolvimento Pesqueiro do Brasil, Brasilia, DF (Brasil)
_97976
245 1 _aOportunidades comerciais
_bFirmas importadoras de produtos pesqueiros
260 3 _aBrasilia, DF (Brasil):
_c1978.
300 _a6 p.
490 _aBoletim de Informacoes de Comercio Exterior para Produtos Pesqueiros. Serie C (Brazil)
_vno. 23
_x
650 _aPEIXE
650 _aMERCADO INTERNACIONAL
650 _aEMPRESA COMERCIAL
909 _a202312
_bLúcia Elande
_c55
_dLúcia Elande
942 _2AGRIS
_n0
_cMS
999 _c269042
_d269042